Statistiques concernant Littérature commençant par la lettre L

Cliquez ici pour prendre le quiz!

Statistiques générales

  • Ce quiz a été pris 1 020 fois
  • Le résultat moyen est 9 sur 20

Statistiques - réponses

IndicesRéponses% Correct
Le plus célèbre des gentlemen cambrioleursArsène Lupin
95%
Il tire plus vite que son ombreLucky Luke
91%
Fabuliste français qui sait que "tout flatteur vit aux dépens de celui qui l'écoute"Jean de La Fontaine
89%
Père de Drago MalefoyLucius Malefoy
71%
Élève de la maison Serdaigle un peu excentrique qui n'a pas beaucoup d'amisLuna Lovegood
59%
Écrivain américain auteur de Croc-BlancJack London
53%
Créateur de ce dernierMaurice Leblanc
51%
Fils du roi des elfes de la Forêt de Grand'Peur dans Le Seigneur des anneauxLegolas
37%
Romancier français devenu célèbre dès son premier roman, Et si c'était vrai..., adapté au cinéma en 2005Marc Levy
37%
Auteur romantique de Graziella, il proclama la Deuxième RépubliqueAlphonse de Lamartine
33%
Auteur de la saga NarniaC.S. Lewis
33%
Elle a découvert la Cabane magique avec son frère TomLéa
33%
Femme de lettre française du XVIIème siècle qualifiée de "femme qui écrit le mieux et qui a le plus d'esprit" par BoileauMadame de Lafayette
30%
Mère d'Artémis et d'ApollonLéto
29%
Dieux romains protégeant les maisons et les famillesLares
24%
Père de famille très bavard qui a un don pour faire sortir de ses gonds le Capitaine HaddockSéraphin Lampion
22%
Auteur du Fantôme de l'OpéraGaston Leroux
21%
"Je vis, je meurs ; je me brûle et me noie"Louise Labé
18%
Héroïne de la série A la croisée des mondes (prénom)Lyra Bellacqua
17%
Comédienne et actrice sourde qui raconte les difficultés de son enfance dans Le Cri de la mouetteEmmanuelle Laborit
9%

Distribution des résultats

Percentile par nombre de réponses

% des personnes avec chaque résultat

Votre développement - résultats

Vous n’avez pas pris ce quiz